| 000 | 00566nam a2200205 u 4500 | ||
|---|---|---|---|
| 005 | 20240920064126.0 | ||
| 008 | 140811s1982 r 000 0 eng d | ||
| 035 | _aUPN01000198695 | ||
| 049 | _aCG | ||
| 050 | 4 |
_aLB1139.23 _bG3.2 1982 |
|
| 100 | 1 |
_aGalaviz H., Juan Manuel _935777 |
|
| 245 | 1 | 0 |
_aComo educar a los hijos / _cJuan Manuel Galaviz H. |
| 250 | _a9a ed. | ||
| 260 |
_aMéxico : _bPaulinas, _c1982. |
||
| 300 |
_a191 p. : _bil. |
||
| 650 | 4 |
_aEducación de niños _95387 |
|
| 650 | 2 |
_aEscuela de padres _9208 |
|
| 905 | _aLibro | ||
| 999 |
_c170796 _d170796 |
||